Exposición bibliográfica wagneriana en la Biblioteca Central
Colección:
San Jorge,
; núm. 5 (gener 1952), pàg 49
Materias:
Wagner, Richard, -- 1813-1883 -- Bibliografia
; Biblioteca Central (Barcelona, Catalunya) -- Exposicions
Idioma:
Español
MARC
| LEADER | 00000naa a2200000 a 4500 | ||
|---|---|---|---|
| 003 | Arxiu | ||
| 005 | 20260324181024.0 | ||
| 008 | 160829s1952 spc xx s spa c | ||
| 040 | |a agdb | ||
| 245 | 0 | 0 | |a Exposición bibliográfica wagneriana en la Biblioteca Central |
| 490 | |a San Jorge, |v núm. 5 (gener 1952), pàg 49 | ||
| 600 | 1 | 0 | |9 54673 |a Wagner, Richard, |d 1813-1883 |v Bibliografia |
| 610 | 2 | 0 | |a Biblioteca Central (Barcelona, Catalunya) |v Exposicions |9 54534 |
| 773 | |g Núm. 5 (gener 1952), pàg 49 |t San Jorge. | ||
| 901 | |a Arxiu | ||
| 942 | |n 1 |2 udc |c ART | ||
| 952 | |0 0 |1 0 |4 0 |6 REV508 |7 1 |9 64624 |a Arxiu |b Arxiu |d 2022-12-02 |l 0 |o Rev-508 |r 2022-12-02 00:00:00 |w 2022-12-02 |y ARXIU |z També disponible a Rev-521 | ||
| 999 | |c 43796 |d 43796 | ||